Family law : (Record no. 8421)
[ view plain ]
| 000 -LEADER | |
|---|---|
| fixed length control field | 01136cam a2200325 a 4500 |
| 001 - CONTROL NUMBER | |
| control field | 2142069 |
| 003 - CONTROL NUMBER IDENTIFIER | |
| control field | OSt |
| 005 - DATE AND TIME OF LATEST TRANSACTION | |
| control field | 20170822175036.0 |
| 008 - FIXED-LENGTH DATA ELEMENTS--GENERAL INFORMATION | |
| fixed length control field | 980423s1998 mnu 001 0 eng |
| 010 ## - LIBRARY OF CONGRESS CONTROL NUMBER | |
| LC control number | 98020189 |
| 020 ## - INTERNATIONAL STANDARD BOOK NUMBER | |
| International Standard Book Number | 0314211233 (hardcover : alk. paper) |
| 040 ## - CATALOGING SOURCE | |
| Original cataloging agency | DLC |
| Transcribing agency | BSU |
| Modifying agency | DLC |
| Language of cataloging | English |
| 043 ## - GEOGRAPHIC AREA CODE | |
| Geographic area code | n-us--- |
| 050 00 - LIBRARY OF CONGRESS CALL NUMBER | |
| Classification number | KF504 |
| Item number | .K7 1998 |
| 082 00 - DEWEY DECIMAL CLASSIFICATION NUMBER | |
| Classification number | 346.015 KRA |
| Edition number | 21 |
| 100 ## - MAIN ENTRY--PERSONAL NAME | |
| Personal name | Harry,Krause D. |
| 9 (RLIN) | 17910 |
| 245 00 - TITLE STATEMENT | |
| Title | Family law : |
| Remainder of title | in anutshell |
| Statement of responsibility, etc | by Harry D. Krause ... [et al.]. |
| 250 ## - EDITION STATEMENT | |
| Edition statement | 4th ed. |
| 260 ## - PUBLICATION, DISTRIBUTION, ETC. (IMPRINT) | |
| Place of publication, distribution, etc | St. Paul, Minn. : |
| Name of publisher, distributor, etc | Thomson, |
| Date of publication, distribution, etc | 2003 |
| 300 ## - PHYSICAL DESCRIPTION | |
| Extent | xxxvii, 330p.. ; |
| Dimensions | 19 cm. |
| 440 #0 - SERIES STATEMENT/ADDED ENTRY--TITLE | |
| Title | American casebook series |
| 9 (RLIN) | 13216 |
| 500 ## - GENERAL NOTE | |
| General note | Rev. ed. of: Family law / by Harry D. Krause. 3rd ed. 1990. |
| 500 ## - GENERAL NOTE | |
| General note | Includes index. |
| 650 #0 - SUBJECT ADDED ENTRY--TOPICAL TERM | |
| Topical term or geographic name as entry element | Domestic relations |
| Geographic subdivision | United States |
| General subdivision | Cases. |
| 9 (RLIN) | 17911 |
| 700 1# - ADDED ENTRY--PERSONAL NAME | |
| Personal name | Krause, Harry D., |
| Dates associated with a name | 1932- |
| 9 (RLIN) | 17912 |
| 700 1# - ADDED ENTRY--PERSONAL NAME | |
| Personal name | Krause, Harry D., |
| Dates associated with a name | 1932- |
| Title of a work | Family law. |
| 9 (RLIN) | 17913 |
| 906 ## - LOCAL DATA ELEMENT F, LDF (RLIN) | |
| a | 7 |
| b | cbc |
| c | orignew |
| d | 1 |
| e | ocip |
| f | 19 |
| g | y-gencatlg |
| 942 ## - ADDED ENTRY ELEMENTS (KOHA) | |
| Source of classification or shelving scheme | Dewey Decimal Classification |
| Koha item type | Books |
| Withdrawn status | Lost status | Source of classification or shelving scheme | Damaged status | Not for loan | Home library | Current library | Shelving location | Date acquired | Source of acquisition | Inventory number | Full call number | Barcode | Date last seen | Copy number | Price effective from | Koha item type |
|---|---|---|---|---|---|---|---|---|---|---|---|---|---|---|---|---|
| Dewey Decimal Classification | Main Library | Faculty of Law Library | 06/02/2014 | Donation | 29395 | 346.015 KRA | bsu24082223 | 06/02/2014 | 001 | 06/02/2014 | Books |